00457nam a22001452 4500001001100000005001700011008004100028020000800069040001500077100003600092245010300128260003800231300001100269650003100280000000892620151217155836.0080619s xx 000 0 eng d cKES aKABUcKABU1 aMatheson, Alastair.@000015972514aThe Tribes of Kenya :ba brief guide to the various African peoples of Kenya /cAlastair Matheson. aNairobi :bGovt. Printer,c[196?] a48 p. 0aTribeszKenya.@0000159726